AH International Schools' Libraries

Brunches: (Record no. 47489)

MARC details
000 -LEADER
fixed length control field 00329nam a2200109 4500
020 ## - INTERNATIONAL STANDARD BOOK NUMBER
International Standard Book Number 9781743607466
245 ## - TITLE STATEMENT
Title Brunches:
Remainder of title where to find them and how to make them /
Statement of responsibility, etc Lonely Planet.
260 ## - PUBLICATION, DISTRIBUTION, ETC. (IMPRINT)
Place of publication, distribution, etc Melbourne:
Name of publisher, distributor, etc Lonely Planet;
Date of publication, distribution, etc 2015.
300 ## - PHYSICAL DESCRIPTION
Extent 224 p.
Other physical details col. ill.
Dimensions 25 cm.
490 ## - SERIES STATEMENT
Series statement The world's best;
942 ## - ADDED ENTRY ELEMENTS (KOHA)
Source of classification or shelving scheme
Koha item type NON FIC SECTION
Holdings
Withdrawn status Lost status Source of classification or shelving scheme Damaged status Not for loan Collection code Home library Current library Date acquired Total Checkouts Total Renewals Full call number Barcode Date last seen Date checked out Price effective from Koha item type
          Non-Fiction Asian Hope Secondary Library Asian Hope Secondary Library 09/27/2024 10 2 641.6 LON 206149 03/03/2026 02/24/2026 09/27/2024 NON FIC SECTION

For any Logos Library related questions please contact Miss Art at swongnarasuk@asianhope.org.

For any Asian Hope Library related questions please contact Miss Raza at graza@asianhope.org.

Powered by Koha